Répliques de méchants Disney - Statistiques

Statistiques générales
  • Ce quiz a été pris 3 913 fois
  • Le résultat moyen est 8 sur 20
Statistiques - réponses
Réplique Méchant % Correct
Ça ne te coûtera que ta voix Ursula
90%
Longue vie au roi! Scar
87%
Ma seule et unique passion, j’adore les belles fourrures. Je n’aime que ça au monde Cruella d'Enfer
86%
Qu'on leur coupe la tête! La Reine de Cœur
80%
Oui, mais il l'a jeté en pâture au crocodile et cet horrible monstre m’a tellement trouvé à son goût qu’il me poursuit sans relâche depuis en se léchant les babines à l’idée d’avaler le reste s’il le peut ! Le Capitaine Crochet
70%
Miroir magique au mur, qui a beauté parfaite et pure La Méchante Reine
67%
Les femmes ne sont pas faites pour lire. Dès qu'elles ont une idée dans la tête, c'est l'horreur Gaston
56%
Regarde dans ce miroir. Sais-tu ce que je vois ? Je vois une jeune femme ravissante, pleine d’assurance et d’énergie. Oh tu es là toi aussi ! Gothel
53%
Mais il y a là tout le beau monde, Roi Stéphane... leurs altesses, la noblesse, l'aristocratie et... il y a aussi... la racaille ! Maléfique
45%
N'oubliez pas de me rappeler de vous pulvériser après mon rendez-vous Hadès
39%
Doublez les taxes! Triplez les taxes! Le Prince Jean
28%
En construisant sa muraille il veut éprouver ma force, alors je viens relever son défi Shan-Yu
24%
Soyez sans crainte! Tout se passera pour le mieux Jafar
11%
On s'amuse à faire des plaisanteries douteuse? Peut-être pourrions-nous trouver de quoi t'occuper d'avantage? Madame de Trémaine
11%
Précisément! Alors tu devrais savoir que tout le monde fuit devant ____ ____ Shere Khan
11%
Quand elle arrivera, je l'écraserai avec un marteau Yzma
10%
Qu'est-ce que tu attends? Tue-moi! Sois un homme Clayton
8%
Nous savons l'un comme l'autre que le pouvoir ici bas n'est pas la magie, c'est l'argent! Dr. Facilier
8%
Un coup de pouce et tout le monde s'endort en douce Edgar
6%
C'est si bon d'être méchant Professeur Ratigan
3%
Aucun quiz correspondant
Distribution des résultats
% des personnes avec chaque résultat
Percentile par nombre de réponses
Votre historique - résultats
Vous n’avez pas pris ce quiz